Ed Asner Filmography - Statistics

General Stats
  • This quiz has been taken 52 times
    3 since last reset
  • The average score is 9 of 478
Answer Stats
Type Year Name % Correct
Film 2009 Up
100%
Video Game 2009 Up
100%
Film 2009 Dug's Special Mission
50%
Theater 2013 Ed Asner
50%
Documentary 2019 Ed Asner: On Stage and Off
50%
Film 2003 Elf
50%
TV Short 2014 Elf: Buddy's Musical Christmas
50%
TV Show 1994-1996 Gargoyles
50%
TV Show 2004, 2005 Justice League Unlimited
50%
TV Show 1982, 1984 Saturday Night Live
50%
TV Show 1994-1998 Spider-Man: The Animated Series
50%
TV Show 2003 Spider-Man: The New Animated Series
50%
Award Show 1981 The 33rd Annual Primetime Emmy Awards
50%
TV Show 2005-2014 The Boondocks
50%
TV Show 1999 The Simpsons
50%
Short Film 2011 10 Years + 10 Minutes
0%
Documentary 1997 187: Documented
0%
TV Show 2001 3x3 Eyes
0%
Film 2000 Above Suspicion
0%
Film 2011 Absolute Killers
0%
Film 1997 Academy Boyz
0%
TV Film 1983 A Case of Libel
0%
Film 1997 A Christmas Carol
0%
Short Film 1978 A Different Approach
0%
TV Show 1997 Adventures from the Book of Virtues
0%
TV Film 1988 A Friendship in Vienna
0%
TV Show 1962 Alcoa Premiere
0%
TV Show 1962, 1963 Alfred Hitchcock Presents
0%
Film 2005 All In
0%
TV Film 2015 All of My Heart
0%
Film 2017 All of My Heart: Inn Love
0%
TV Film 2018 All of My Heart: The Wedding
0%
Film 2011 All-Star Superman
0%
Film 2024 Altered Reality
0%
Theater 2019 A Man and His Prostate
0%
TV Film 2020 A Man and His Prostate
0%
TV Show 1965 A Man Called Shenandoah
0%
Short Film 2010 A Man of the World
0%
TV Show 2010, 2011, 2019 American Dad!
0%
TV Show 1986 American Playhouse
0%
Short Documentary 1982 Americas in Transition
0%
TV Film 1983 Anatomy of an Illness
0%
TV Show 2007 Andy Barker, P.I.
0%
Theater 2014 An Enemy of the People
0%
Film 2018 Angels on Tap
0%
TV Show 1993 Animaniacs
0%
Theater 2003 Anyone Can Whistle
0%
TV Show 2000 Arli$$
0%
TV Show 1957 Armstrong Circle Theatre
0%
TV Show 1998 Ask Harriet
0%
TV Film 1981 A Small Killing
0%
Short Film 2017 A StoryBots Christmas
0%
Film 2014 Audrey
0%
Short Film 2012 Autism and Cake
0%
Film 2013 Axel: The Biggest Little Hero
0%
Film 2021 Back Home Again
0%
Podcast 2020 Backstage Babble
0%
Short Documentary 2009 Balancing Acts: A Jewish Theater in the Soviet Union
0%
TV Show 2020 Ballmastrz: 9009
0%
Film 2021 Barking Mad
0%
Short Film 2012 Baron Blackwolf: Dogs of God
0%
Film 1997 Basil
0%
TV Show 1992-1994 Batman: The Animated Series
0%
TV Film 2000 Becoming Dick
0%
Documentary 2016 Behind the Fear
0%
TV Show 1963 Ben Casey
0%
TV Show 2016 Bennie's
0%
Film 2021 Blood
0%
TV Show 2020 Blue Bloods
0%
TV Show 1964 Bob Hope Presents the Chrysler Theatre
0%
TV Show 2017 Bones
0%
TV Show 1993 Bonkers
0%
Film 2016 Boonville Redemption
0%
Theater 1989 Born Yesterday
0%
TV Show 1963 Breaking Point
0%
TV Show 2020 Briarpatch
0%
Film 2000 Bring Him Home
0%
TV Show 1997 Bruno the Kid
0%
TV Show 1965 Burke's Law
0%
Short Film 2020 Bury Me in Armor
0%
TV Show 2000 Buzz Lightyear of Star Command
0%
Video Game 2000 Buzz Lightyear of Star Command
0%
TV Show 1972 Cade's County
0%
TV Show 1962 Cain's Hundred
0%
TV Short 2021 Captain Daddy
0%
TV Show 1990-1996 Captain Planet and the Planeteers
0%
Film 2017 CarGo
0%
Short Film 2023 Carl's Date
0%
TV Show 1969 CBS Playhouse
0%
TV Show 2004-2005 Center of the Universe
0%
Documentary 2000 Central Casting
0%
Web Series 2020, 2021, 2022 Central Park
0%
Film 1969 Change of Habit
0%
Film 2008 Channels
0%
TV Show 2014 Chasing Life
0%
TV Show 1999 Chicken Soup for the Soul
0%
Film 2008 Christmas Cottage
0%
Film 2007 Christmas Is Here Again
0%
TV Film 2013 Christmas on the Bayou
0%
Film 2015 Citizens United
0%
Documentary 2005 Class Dismissed: How TV Frames the Working Class
0%
Web Series 2018, 2021 Cobra Kai
0%
TV Film 2000 Common Ground
0%
Short Film 2023 Confessions of a Union Buster: A Call to Action
0%
Film 2015 Conversations with Scleroderma
0%
Documentary 2015 Corrupted Justice
0%
Documentary 2025 Corsi: The World's First Super Model
0%
Film 2005 Crab Orchard
0%
TV Film 1987 Cracked Up
0%
Web Series 2024 Crash: The Animated Series
0%
TV Show 2015 Criminal Minds
0%
TV Mini-Series 1992 Cruel Doubt
0%
TV Show 2009 CSI: NY
0%
TV Show 2001 Curb Your Enthusiasm
0%
Short Documentary 1981 Dance of Death
0%
Film 1983 Daniel
0%
TV Film 1969 Daughter of the Mind
0%
TV Show 1987 D.C. Follies
0%
Film 2023 Deadly Draw
0%
TV Show 1997 Dead Man's Gun
0%
Web Series 2019 Dead to Me
0%
TV Film 1975 Death Scream
0%
TV Show 1958 Decoy
0%
TV Film 2002 Desperate Measures
0%
TV Show 2001 Dharma & Greg
0%
Film 2022 Diary of a Wimpy Kid: Rodrick Rules
0%
TV Show 1994 Dinosaurs
0%
TV Show 1998 Disney's Hercules: The Animated Series
0%
TV Film 1997 Dog's Best Friend
0%
Film 2001 Donzi: The Legend
0%
Web Series 2019 Doom Patrol
0%
Short Film 1993 Down on the Waterfront
0%
TV Show 1962, 1963 Dr. Kildare
0%
TV Show 2003 Duck Dodgers
0%
TV Show 1995 Duckman: Private Dick/Family Man
0%
Web Series 2021 Dug Days
0%
Documentary 2013 Duty, Honor, Country: Betrayal
0%
Documentary 2024 Ed Asner Unscripted
0%
Documentary 2014 Edward Asner: The Actor, the Man
0%
Film 1966 El Dorado
0%
Film 2012 Elephant Sighs
0%
Theater 2016 Elevator Music
0%
TV Show 1999 Eli's Theory
0%
TV Show 2003 ER
0%
Documentary 2018 Eva: A-7063
0%
Theater 1960 Face of a Hero
0%
Short Film 2002 Fair Play
0%
Film 2019 Faith, Hope & Love
0%
TV Show 2001 Family Guy
0%
TV Film 1964 Fanfare for a Death Scene
0%
Theater 2010 FDR
0%
TV Show 1966 Felony Squad
0%
TV Show 1992 Fish Police
0%
Short Film 2019 Five Old Comedy Writers Talking Sh*t
0%
Film 2012 Foodfight!
0%
TV Show 2015-2018 Forgive Me
0%
Film 1981 Fort Apache, The Bronx
0%
Short Film 2016 Framed: The Adventures of Zion Man
0%
TV Show 1995-1997 Freakazoid!
0%
TV Short 1976 Freedom Is
0%
Film 2014 Frozen in Time
0%
TV Show 1996-1997 Gargoyles: The Goliath Chronicles
0%
Film 1995 Gargoyles the Movie: The Heroes Awaken
0%
TV Film 2008 Generation Gap
0%
Short Film 2016 Getting Ed Laid
0%
Film 1985 Gifts of Greatness
0%
Film 2008 Gigantic
0%
Short Documentary 2000 Global Village of Global Pillage
0%
Theater 2019 God Help Us!
0%
Film 1995 Goldilocks and the Three Bears
0%
TV Film 1996 Gone in the Night
0%
TV Film 1990 Good Cops, Bad Cops
0%
Short Film 2011 Good Men
0%
Theater 2012-2013 Grace
0%
Web Series 2019, 2021 Grace and Frankie
0%
TV Show 1978 Great Performances
0%
Short Film 2015 Guiltless
0%
Film 1967 Gunn
0%
TV Show 1964, 1966 Gunsmoke
0%
Film 1976 Gus
0%
TV Film 1993 Gypsy
0%
Film 1970 Halls of Anger
0%
Documentary 1996 Hanged on a Twisted Cross
0%
Film 1989 Happily Ever After
0%
Film 2007 Hard Four
0%
Film 1998 Hard Rain
0%
TV Film 1972 Haunts of the Very Rich
0%
TV Show 2012 Hawaii Five-0
0%
TV Show 1975 Hawaii Five-O
0%
TV Film 1994 Heads
0%
TV Show 1992-1993 Hearts Afire
0%
TV Show 2017 Heaven's Waiting Room
0%
TV Show 1969 Here Come the Brides
0%
TV Film 1975 Hey, I'm Alive
0%
TV Show 1994 Higher Education
0%
TV Film 1994 Higher Education
0%
TV Film 2014 High Hopes: The Amityville Horror Murders
0%
TV Show 1986 Highway to Heaven
0%
Documentary Series 2021 History of the Sitcom
0%
Documentary 2013 HIV, a Whole Different Story
0%
Documentary Series 1987 Hollywood the Golden Years: The RKO Story
0%
TV Film 2012 Home Alone: The Holiday Heist
0%
Film 2018 Honor Amongst Men
0%
Film 2011 Hopelessly in June
0%
TV Show 2012 Hot in Cleveland
0%
TV Film 1970 House on Greenapple Road
0%
Theater 2010 How to Succeed in Business Without Really Trying
0%
Film 2011 Identical
0%
Documentary 2013 I Know That Voice
0%
TV Show 1967-1977 Insight
0%
Documentary 2009 Intelligent Life: Change Your Mind, Change Your World
0%
Film 2017 In Vino
0%
TV Show 1967 Iron Horse
0%
TV Show 1967, 1969 Ironside
0%
Film 2001 Island Prey
0%
Film 1991 JFK
0%
Film 2017 Joe's War
0%
TV Show 2000, 2001 Johnny Bravo
0%
TV Mini-Series 2002 John XXIII: The Pope of Peace
0%
Short Film 1986 Joshua and the Battle of Jericho
0%
TV Show 1967, 1969 Judd, for the Defense
0%
TV Show 1997, 1998 Jumanji
0%
Short Film 2011 Just Friends?
0%
TV Film 1986 Kate's Secret
0%
Film 1962 Kid Galahad
0%
Video Game 2012 Kinect Rush: A Disney-Pixar Adventure
0%
TV Show 2001, 2002 King of the Hill
0%
TV Show 1958 Kraft Theatre
0%
Documentary 1998 Last Stand: The Struggle for the Ballona Wetlands
0%
TV Show 2013 Law & Order: Special Victims Unit
0%
Film 2011 Let Go
0%
Short Film 2012 Liberator
0%
TV Show 1997 Life with Louie
0%
Short Film 2016 Like a Butterfly
0%
TV Short 2006 Lolo's Cafe
0%
TV Show 1977-1982 Lou Grant
0%
Film 1999 Love and Action in Chicago
0%
TV Film 2016 Love Finds You in Valentine
0%
Film 2016 Love Meet Hope
0%
TV Show 2018 MacGyver
0%
TV Show 1996, 1997 Mad About You
0%
TV Show 1998 Maggie Winters
0%
TV Show 2013 Maron
0%
Short Film 2000 Mars and Beyond
0%
Theater 1991 Mastergate
0%
TV Short 1992 Mattie's Waltz
0%
TV Show 2000 Max Steel
0%
TV Show 1969 Medical Center
0%
TV Show 2014 Men at Work
0%
TV Show 1997 Men in Black: The Series
0%
TV Show 2011, 2017 Michael: Every Day
0%
Documentary 2005 Missing, Presumed Dead: The Search for America's POWs
0%
TV Show 1969 Mission: Impossible
0%
TV Show 2020 Modern Family
0%
TV Show 2014 Mom
0%
Film 2020 M.O.M. Mothers of Monsters
0%
Film 1988 Moon Over Parador
0%
TV Mini-Series 1998 More Tales of the City
0%
TV Show 1963, 1965 Mr. Novak
0%
Web Special 2021 Muppets Haunted Mansion
0%
TV Show 2015 Murdoch Mysteries
0%
TV Show 1961 Naked City
0%
TV Film 2003 National Lampoon's Christmas Vacation 2
0%
Film 2010 Not Another B Movie
0%
TV Film 1990 Not a Penny More, Not a Penny Less
0%
Documentary 2016 Not Without Reason
0%
Film 1999 O'Christmas Tree
0%
TV Show 1984-1985 Off the Rack
0%
Film 1982 O'Hara's Wife
0%
TV Special 1999 Olive, the Other Reindeer
0%
TV Show 1958 Omnibus
0%
Theater 2009 Once in a Lifetime
0%
Theater 2003, 2005 Orgasms
0%
Film 1999 Our Friend, Martin
0%
TV Show 1962 Outlaws
0%
TV Film 2005 Out of the Woods
0%
Theater 2014 Oxymorons
0%
Short Film 2015 Pacific Edge
0%
Theater 1983 Parade of Stars
0%
TV Film 1997 Payback
0%
Film 2000 Perfect Game
0%
Theater 2017 Persephone Unbound
0%
Film 1987 Pinocchio and the Emperor of the Night
0%
Documentary 2003 Plan Colombia: Cashing in on the Drug War Failure
0%
TV Show 2021 Platform
0%
TV Show 1960, 1961 Play of the Week
0%
TV Show 1966 Please Don't Eat the Daisies
0%
TV Show 1973, 1974, 1976 Police Story
0%
TV Film 2002 Pope John XXIII
0%
Radio Mini-Series 2017 Powder Burns: An Original Western Audio Drama
0%
TV Show 1964, 1965 Profiles in Courage
0%
TV Documentary 1997 Prohibition: Thirteen Years That Changed America
0%
Film 2020 Rain Beau's End
0%
TV Show 1989 Reading Rainbow
0%
TV Show 1999 Recess
0%
TV Show 2012 Regular Show
0%
TV Show 1974 Rhoda
0%
TV Mini-Series 1976 Rich Man, Poor Man
0%
TV Mini-Series 1977 Roots
0%
TV Show 1996 Roseanne
0%
TV Show 1960-1962 Route 66
0%
TV Show 2011 Royal Pains
0%
Web Series 2020 Royalties
0%
TV Show 1966 Run for Your Life
0%
TV Film 1969 Sadbird
0%
TV Show 2019 Saigon Gold
0%
TV Show 1962 Sam Benedict
0%
Film 2017 Santa Stole Our Dog: A Merry Doggone Christmas!
0%
Film 2017 Saving Christmas
0%
TV Documentary 2007 Saving Our Parents
0%
TV Film 2013 Second Chances
0%
Film 2021 Senior Entourage
0%
Documentary 2011 Shattered Hopes: The True Story of the Amityville Murders - Part I: From Horror to Homicide
0%
Documentary 2014 Shattered Hopes: The True Story of the Amityville Murders - Part III: Fraud & Forensics
0%
Documentary 2012 Shattered Hopes: The True Story of the Amityville Murders - Part II: Mob, Mayhem, Murder
0%
Film 2005 Sheeba
0%
Film 2012 Should've Been Romeo
0%
TV Film 1991 Silent Motive
0%
Film 1971 Skin Game
0%
TV Show 1964 Slattery's People
0%
Film 2005 Sleeping Dogs Lie
0%
TV Short 1999 Snowden's Christmas
0%
TV Show 1998 Soul Man
0%
TV Show 2016 SpongeBob SquarePants
0%
Film 2016 Stars in Shorts: No Ordinary Love
0%
Web Series 2009 Star-ving
0%
Video Game 2003 Star Wars: Knights of the Old Republic
0%
Video Game 2004 Star Wars Knights of the Old Republic II: The Sith Lords
0%
Radio Series 1996 Star Wars: Return of the Jedi
0%
Film 2018 Still Waiting in the Wings
0%
TV Show 1963 Stoney Burke
0%
Short Film 2011 Stop the Environment
0%
TV Show 2006-2007 Studio 60 on the Sunset Strip
0%
TV Show 1957 Studio One
0%
TV Documentary 1995 Sugar Scandal
0%
Film 2010 Superman/Batman: Apocalypse
0%
TV Show 1998-2000 Superman: The Animated Series
0%
Short Film 2016 Super Sex
0%
TV Film 1991 Switched at Birth
0%
TV Show 1986 Tall Tales & Legends
0%
TV Show 1961 Target: The Corruptors!
0%
Short Film 2012 Tax the Rich: An Animated Tale
0%
Documentary 1980 Teach Our Children
0%
TV Show 2020 Teen Titans Go!
0%
TV Mini-Series 1985 Tender Is the Night
0%
Web Series 2018 The 5th Quarter
0%
Award Show 1995 The 9th Annual Genesis Awards
0%
TV Show 1997 The Angry Beavers
0%
Film 2001 The Animal
0%
Film 1999 The Bachelor
0%
Film 2019 The Barefoot Spirit
0%
TV Show 1987-1988 The Bronx Zoo
0%
TV Film 2006 The Christmas Card
0%
TV Show 2010-2011 The Cleveland Show
0%
TV Show 1998 The Closer
0%
Theater 1953 The Coming of Bildad
0%
Film 2003 The Commission
0%
TV Show 2013 The Crazy Ones
0%
TV Show 2005 The Dead Zone
0%
TV Show 1963, 1964 The Defenders
0%
TV Film 1966 The Doomsday Flight
0%
TV Show 2016 The Eleventh
0%
TV Show 1963 The Eleventh Hour
0%
TV Show 2001 The Ellen Show
0%
TV Film 1979 The Family Man
0%
Film 1997 The Fanatics
0%
TV Show 1964 The Farmer's Daughter
0%
TV Show 1966, 1968, 1969 The F.B.I.
0%
Short Film 2017 The Flood
0%
TV Show 1965, 1967 The Fugitive
0%
Film 2014 The Games Maker
0%
Film 2019 The Garden Left Behind
0%
TV Film 1977 The Gathering
0%
Documentary 2025 The Gettysburg Address
0%
TV Show 1967 The Girl from U.N.C.L.E.
0%
TV Film 1973 The Girl Most Likely To...
0%
TV Show 2013 The Glades
0%
Film 2017 The Gliksmans
0%
Short Film 1995 The Golem
0%
TV Documentary 2000 The Good War and Those Who Refused to Fight It
0%
TV Show 2015 The Good Wife
0%
TV Special 1979 The Great American Values Test
0%
Documentary Mini-Series 2001 The Great Escapes of World War II
0%
TV Show 1985 The Greatest Adventure: Stories from the Bible
0%
TV Show 2003 The Grim Adventures of Billy & Mandy
0%
Film 2006 The Heart Specialist
0%
TV Show 2000 The Hoop Life
0%
TV Show 2001 The Huntress
0%
Documentary Mini-Series 1988 The Immortals
0%
TV Film 1975 The Impostor
0%
TV Show 1967, 1968 The Invaders
0%
TV Film 2001 The Kid
0%
TV Film 2003 The King and Queen of Moonlight Bay
0%
TV Film 1971 The Last Child
0%
TV Show 2020-2021 The Last Saturday Night
0%
TV Show 1963 The Lieutenant
0%
TV Film 1977 The Life and Assassination of Kingfish
0%
TV Show 2009 The Line
0%
Short Film 2011 The Lost Therapy Tapes
0%
TV Show 1986 The Magical World of Disney
0%
TV Show 1996 The Magic School Bus
0%
TV Film 2002 The Man Who Saved Christmas
0%
TV Film 1981 The Marva Collins Story
0%
TV Show 1970-1977 The Mary Tyler Moore Show
0%
TV Show 2012 The Middle
0%
TV Show 1974-1979 The Mike Douglas Show
0%
TV Show 1970, 1971, 1972 The Mod Squad
0%
Film 1961 The Murder Men
0%
TV Show 1969 The Name of the Game
0%
TV Show 1997-1998 The New Adventures of Zorro
0%
Short Film 1960 The New Girl
0%
TV Show 1963 The Nurses
0%
Film 2015 The Nutcracker Sweet
0%
Radio Play 1981 The Odyssey
0%
Documentary 2005 The Oil Factor: Behind the War on Terror
0%
TV Film 1970 The Old Man Who Cried Wolf
0%
TV Show 1963 The Outer Limits
0%
Film 2018 The Parting Glass
0%
TV Show 1987 The Popcorn Kid
0%
TV Show 1997, 2004 The Practice
0%
TV Show 2021 The Premise
0%
Short Film 2016 The Raft
0%
TV Show 1966 The Rat Patrol
0%
TV Show 1996 The Real Adventures of Jonny Quest
0%
Short Film 1992 The Real Story of Happy Birthday to You
0%
TV Show 1964 The Reporter
0%
TV Show 1963 The Richard Boone Show
0%
Short Documentary 2018 The Romance & Reaping of Riven Rock
0%
TV Show 2010 The Sarah Silverman Program.
0%
Film 1965 The Satan Bug
0%
TV Special 1985 The Second City 25th Anniversary Special
0%
Documentary 2002 The Second Front
0%
TV Film 1999 The Sissy Duckling
0%
Film 1965 The Slender Thread
0%
TV Show 2008 The Spectacular Spider-Man
0%
TV Film 1996 The Story of Santa Claus
0%
Theater 2003-2005 The Sunshine Boys
0%
Short Film 2019 The Tattooed Torah
0%
Film 1971 The Todd Killings
0%
TV Show 1991-1992 The Trials of Rosie O'Neill
0%
Film 2022 The Triumph of William Henry Harrison
0%
TV Show 1962-1963 The Untouchables
0%
Film 1967 The Venetian Affair
0%
TV Show 1963 The Virginian
0%
TV Show 1975 The Wide World of Mystery
0%
TV Show 2000 The Wild Thornberrys
0%
TV Show 1968 The Wild Wild West
0%
Short Film 1989 The Wonderful Wishing Well
0%
Film 1974 The Wrestler
0%
TV Show 1998 The X-Files
0%
TV Film 1971 They Call It Murder
0%
Film 1970 They Call Me Mister Tibbs!
0%
TV Short 1972 This Week in Nemtim
0%
Theater 1955-1961 Threepenny Opera
0%
TV Show 1994-1995 Thunder Alley
0%
Film 2020 Tiger Within
0%
Short Film 2009 Til My Voice Is Gone
0%
Documentary 2017 Titanic: Sinking the Myths
0%
TV Film 2011 Too Big to Fail
0%
TV Show 2000 Touched by an Angel
0%
Documentary 2021 Trapped
0%
TV Film 1975 Twigs
0%
Short Film 1997 Two Weeks from Sunday
0%
Film TBA Unplugged
0%
Commercial 2012 Verengo Solar
0%
TV Film 1986 Vital Signs
0%
TV Show 1965 Voyage to the Bottom of the Sea
0%
Film 1989 Westward to China
0%
Short Film 2018 When We Are Right
0%
TV Show 2006 W.I.T.C.H.
0%
Film 2011 Witness Insecurity
0%
TV Show 2009 WordGirl
0%
TV Show 2011 Working Class
0%
Video Game 2004 X-Men Legends
0%
Film 2017 Yamasong: March of the Hollows
0%
TV Film 1991 Yes Virginia, There Is a Santa Claus
0%
TV Show 2011 Young Justice
0%
Short Film 2007 Zack's Machine
0%
No matching quizzes found
Score Distribution
Percent of People with Each Score
Percentile by Number Answered
Your Score History
You have not taken this quiz since the last reset